000 00887nas a2200277 4500
001 BR0706392
003 BR-BrBNA
005 20231205111252.0
007 ta
008 230509b bl.|||p| |||| 00| 00por d
040 _aBR-BrBNA
_bpor
_cBiblioteca Nacional de Agricultura
041 _a(Pt)
072 _aF60; F61
100 1 _aAndreasi, F.
100 1 _aMendonça Junior, C.X. de
100 1 _aPrada, F.
100 1 _aVeiga, J.S.M.
245 1 _aLevantamento dos elementos minerais em plantas forrageiras de áreas delimitadas do Estado de São Paulo. 4 - Zinco
650 _aELEMENTO QUIMICO
650 _aPLANTA FORRAGEIRA
650 _aSÃO PAULO
650 _aZINCO
773 0 _tRevista da Faculdade de Medicina Veterinária (Brazil)
_xISSN 0301-7273
_g(Dec 1969), v. 8(1) p. 177-190
_wBR0706392
909 _a202311
_bLúcia
_c55
_dLúcia Elande
942 _2AGRIS
_n0
_cANA
999 _c191737
_d191737